Statistics for guess the soccer player quiz

Click here to take the quiz!

General Stats

  • This quiz has been taken 141 times
  • The average score is 9 of 10

Answer Stats

hintsanswer% Correct
argentina, won the world cup 22messi
100%
portugal, cr7ronaldo
100%
france, scored 3 goals in the world cup 22mbappe
99%
norwegian, mancity, #9haaland
95%
poland, barcelona, strikerlewandowski
89%
brazilian, #10neymar
89%
spain, midfielder, Barcelonagavi
88%
egypt, liverpool, did not qualify for the world cup.salah
87%
france, real Madrid, was in the world cupbenzema
74%
portuguese, forward, chelsea,felix
73%

Score Distribution

Percentile by Number Answered

Percent of People with Each Score

Your Score History

You have not taken this quiz